ARRUPE JESUIT UNIVERSITY

CORONAVIRUS -STOP THE SPREAD - CLEAN,DISINFECT,COVER

Icons Mother of God in the incarnation and the Passion (Record no. 126069)

MARC details
000 -LEADER
fixed length control field 00492nam a22001457a 4500
008 - FIXED-LENGTH DATA ELEMENTS--GENERAL INFORMATION
fixed length control field 170208b xxu||||| |||| 00| 0 eng d
050 ## - LIBRARY OF CONGRESS CALL NUMBER
Classification number L. N8187.5.B197
100 ## - MAIN ENTRY--PERSONAL NAME
Personal name Baltoyianni, Chrysanthe
9 (RLIN) 28681
245 ## - TITLE STATEMENT
Title Icons Mother of God in the incarnation and the Passion
Statement of responsibility, etc Chrysanthe Baltoyianni
260 ## - PUBLICATION, DISTRIBUTION, ETC. (IMPRINT)
Place of publication, distribution, etc Athens
Name of publisher, distributor, etc Adams Editions
Date of publication, distribution, etc 1994
300 ## - PHYSICAL DESCRIPTION
Extent 382p. ;
Dimensions 35cm.
600 ## - SUBJECT ADDED ENTRY--PERSONAL NAME
Personal name Mary, Blessed Virgin, St.
General subdivision Art
9 (RLIN) 28682
650 ## - SUBJECT ADDED ENTRY--TOPICAL TERM
Topical term or geographic name as entry element Christian saints in art
9 (RLIN) 28683
942 ## - ADDED ENTRY ELEMENTS (KOHA)
Source of classification or shelving scheme Library of Congress Classification
Item type Monograph ( Printed materials)
Holdings
Withdrawn status Lost status Source of classification or shelving scheme Damaged status Not for loan Collection code Home library Current library Shelving location Date acquired Total Checkouts Full call number Barcode Date last seen Date last borrowed Price effective from Koha item type
    Library of Congress Classification     Main Collection ARRUPE LIBRARY ARRUPE LIBRARY Main Collection 08/02/2017 1 L. N8187.5.B197 46500023951 10/05/2019 08/04/2019 08/02/2017 Monograph ( Printed materials)

 

Arrupe Library. PO Box MP320 Mt Pleasant, Harare, Zimbabwe
263 242 745411|librarian@aju.ac.zw